Theory of group representations and applications by A O Barut and R Raczka (Record no. 1211545)

MARC details
000 -LEADER
fixed length control field 00980nam a2200313Ia 4500
003 - CONTROL NUMBER IDENTIFIER
control field OSt
005 - DATE AND TIME OF LATEST TRANSACTION
control field 20221007123221.0
008 - FIXED-LENGTH DATA ELEMENTS--GENERAL INFORMATION
fixed length control field 221006b |||||||| |||| 00| 0 eng d
020 ## - INTERNATIONAL STANDARD BOOK NUMBER
International Standard Book Number 997150216X
-- 7.00
037 ## - SOURCE OF ACQUISITION
Terms of availability Textual
040 ## - CATALOGING SOURCE
Original cataloging agency PAPL
Transcribing agency PAPL
Language of cataloging eng
041 ## - LANGUAGE CODE
Source of code eng
Language code of text/sound track or separate title eng
100 ## - MAIN ENTRY--PERSONAL NAME
Personal name Barut A O
9 (RLIN) 716879
245 #0 - TITLE STATEMENT
Title Theory of group representations and applications by A O Barut and R Raczka
Remainder of title Raczka R
250 ## - EDITION STATEMENT
Edition statement Rev ed 2
260 ## - PUBLICATION, DISTRIBUTION, ETC.
Place of publication, distribution, etc. Singapore
Name of publisher, distributor, etc. World Scientific
Date of publication, distribution, etc. 1986
300 ## - PHYSICAL DESCRIPTION
Extent 717p
Dimensions cm.
500 ## - GENERAL NOTE
General note 23/CSL/94-95/CARPA/1821^d1994-07-27^mPurchase; ; 1994-12-30^bSB^c1995-04-24^dSB
650 ## - SUBJECT ADDED ENTRY--TOPICAL TERM
Topical term or geographic name entry element Group Theory
9 (RLIN) 440733
650 ## - SUBJECT ADDED ENTRY--TOPICAL TERM
Topical term or geographic name entry element Representation Theory
9 (RLIN) 515466
650 ## - SUBJECT ADDED ENTRY--TOPICAL TERM
Topical term or geographic name entry element Algebra
700 ## - ADDED ENTRY--PERSONAL NAME
Personal name Raczka R
9 (RLIN) 716880
942 ## - ADDED ENTRY ELEMENTS (KOHA)
Classification part B27M09, M6
Koha item type Textual
Source of classification or shelving scheme Colon Classification (CC)
Holdings
Withdrawn status Lost status Source of classification or shelving scheme Damaged status Not for loan Home library Current library Date acquired Source of acquisition Total Checkouts Full call number Barcode Date last seen Price effective from Koha item type
    Colon Classification (CC)     Department of Physics and Astrophysics Library Department of Physics and Astrophysics Library 2022-10-07 Shankar,   B27M09 M6 PA0005073 2022-10-07 2022-10-07 Textual
Copyright @ Delhi University Library System